000 00686cam a2200241 a 4500
001 000005924
003 DO-SdBNP
005 20210928094439.0
007 ta
008 950328s 1993 sp 001 0 spa
020 _a848048022X
040 _aDO-SdBNP
_cspa
_bBNPHU
082 4 _aBNPHU 862.64
_bS211f
100 1 _aSanchis Sinisterra, José,
_d1940-
_915524
245 1 4 _aLos figurantes /
_cJosé Sanchis Sinisterra.
260 _aMadrid :
_bSociedad General de Autores,
_c1993.
300 _a95 p. ;
_c23 cm.
490 1 _aTeatro ;
_v27
650 1 4 _aTeatro español
_ySiglo XXI
_916707
650 1 4 _aLiteratura
_ySiglo XXI
_916708
830 0 _aTeatro ;
_v27
_95617
942 _2ddc
_cLBS1
999 _c5720
_d5720